Leichtathletik Weltrekorde (Männer) - Statistiken

Allgemein
  • Dieses Quiz wurde 227 mal gespielt
  • Das Durchschnittsergebnis liegt bei 5 aus 19
Antwortstatistiken
Hint Antwort % Korrekt
100m 9,58
91%
200m 19,19
73%
Weitsprung 8,95
58%
Hochsprung 2,45
57%
Stabhochsprung 6,15
50%
400m 43,03
27%
Dreisprung 18,29
18%
800m 1:40,91
17%
Kugelstoßen 23,12
15%
1500m 3:26,00
15%
110m Hürden 12,80
14%
Speerwurf 98,48
11%
5000m 12:35,36
8%
Diskuswurf 74,08
8%
Zehnkampf 9126
8%
10000m 26:11,00
7%
Marathon 2:01:39
6%
3000m Hinderniss 7:53,63
6%
Hammerwurf 86,74
4%
Keine übereinstimmenden Quizze gefunden
Verteilung der Resultate
Anzahl Personen mit jedem Resultat
Perzentil nach korrekt beantworteten Fragen
Ihre Resultats-Entwicklung
Sie haben dieses Quiz noch nicht gespielt